|
|
|
|
| LEADER |
00000nam a2200000 a 4500 |
| 001 |
vtls010657841 |
| 003 |
SK-MaSNL |
| 005 |
20260311124528.0 |
| 008 |
210928s1988 xr n 100 0 cze |
| 015 |
|
|
|a SNBA1988
|
| 035 |
|
|
|a 5A66D5BF-782F-4DF8-A4EA-376D71D2CFB8
|
| 035 |
|
|
|a urn:nbn:sk:snk-amjqc0
|
| 035 |
|
|
|a urn:nbn:sk:snk-am002bju
|
| 040 |
|
|
|a SNK
|b slo
|c SNK
|e AACR2
|
| 041 |
0 |
|
|a cze
|a slo
|
| 044 |
|
|
|a xr
|c CZ
|
| 111 |
2 |
|
|a 40. výročí vítězného Února 1948
|d (1988 :
|c Praha, Česko)
|9 419493
|
| 245 |
1 |
0 |
|a 40. výročí vítězného Února 1948
|b sborník příspěvků z celostátního semináře ÚV Socialist. akademie ČSSR
|c [Recenzovali Václav Čada a Rudolf Janík]
|
| 246 |
3 |
|
|a Čtyřicáté výročí vítězného Února 1948
|
| 250 |
|
|
|a 1. vyd.
|
| 260 |
|
|
|a Praha
|b Horizont
|c 1988
|
| 300 |
|
|
|a 74 s.
|c 21 s.
|
| 366 |
|
|
|e 2500 výt.
|
| 490 |
1 |
|
|a Studijní materiály na pomoc lektorům ČÚV Socialist. akademie ČSSR
|
| 504 |
|
|
|a Bibliogr. odkazy
|
| 546 |
|
|
|a Text aj v slov.
|
| 648 |
|
7 |
|a 1948
|2 SNKPH
|9 282113
|
| 650 |
0 |
7 |
|a Február (1948 : Československo)
|2 SNKPH
|9 83931
|
| 651 |
|
7 |
|a Československo
|2 SNKPHgeo
|9 21376
|
| 655 |
|
7 |
|a zborníky
|2 SNKPH
|9 70165
|
| 700 |
1 |
|
|a Čada, Václav
|4 rev
|4 aui
|9 370492
|
| 700 |
1 |
|
|a Janík, Rudolf
|4 rev
|9 419494
|
| 830 |
|
0 |
|a Studijní materiály na pomoc lektorům ČÚV Socialist. akademie ČSSR
|9 419495
|
| 958 |
|
|
|a CZ
|
| 958 |
|
|
|a SK
|
| 958 |
|
|
|a NB
|
| 958 |
|
|
|a OND
|
| 999 |
|
|
|c 669652
|d 671582
|
| 952 |
|
|
|a SNK
|b SNK
|y VYP
|7 0
|p 17A1138393
|o snkSC 71385 D1
|i snkKIP 4060/88
|0 0
|1 0
|4 0
|d 2015-03-02
|f 1
|l 0
|r 2026-02-23 19:22:46
|w 2026-02-23
|